000 00495nam a2200205Ia 4500
001 5706
003 GE_BSU
008 181216s||||||||xx |||||||||||||| ||und||
040 _cGE_BSU
080 _a511
100 _aБоревич, З. И.,Шафаревич, И. Р.,
245 _aТеория чисел.
250 _a3-е доп.
260 _aмосква
260 _bнаука
260 _c1985
300 _a503с. 22 см.
653 _aТеория чисел.
942 _cBK
999 _c39125
_d39125